00945cam a22002411 4500001001300000003000400013005001700017008004100034010001700075035001800092040008100110050001800191082001500209086001900224110005100243245005600294260018200350300001700532500002000549505005300569650006400622999001700686hew66000158 DLC20260227111515.0740611s1966 dcu bc f001 0 eng c ahew66000158  a(OCoLC)912795 aU.S. Dept. of Health, Education, and Welfare. LibrarycOClWdOCoLCdISSdDLC00aZ5814.C52bU5 a016.3719/60 aFS 5.237:370012 aEducational Research Information Center (U.S.)10aCatalog of selected documents on the disadvantaged. a[Washington]bU.S. Dept. of Health, Education and Welfare, Office of Education, Bureau of Research;b[for sale by the Superintendent of Documents, U.S. Govt. Print. Off.,c1966] a2 v.c26 cm. a"OE-37001-[02]"0 a[1] Number and author index.--[2] Subject index. 0aChildren with social disabilitiesxEducationvBibliography. c34655d34655